|
|
|
|
| LEADER |
00000nab a2200000uu 4500 |
| 001 |
vtls011136188 |
| 003 |
SK-MaSNL |
| 005 |
20260303125343.0 |
| 008 |
230218|2006 xo |||||||||||||||||cze| |
| 015 |
|
|
|a SNBRB
|
| 035 |
|
|
|a (urnnbn)urn:nbn:sk:snk:ar-007pip
|
| 035 |
|
|
|a (uuid)678d95ab-3a23-456b-9223-9f34ffee72ae
|
| 035 |
|
|
|a urn:nbn:sk:snk-abap3h
|
| 040 |
|
|
|a SNKBUCL
|b slo
|c SNKBUCL
|e AACR2
|
| 041 |
0 |
|
|a cze
|
| 044 |
|
|
|a xo
|c SK
|
| 100 |
1 |
|
|a Štork, J.
|4 aut
|9 1143508
|
| 245 |
1 |
0 |
|a Kmenová buňka epidermis
|c J. Štork, K. Smetana Jr., Z. Plzáková
|
| 700 |
1 |
|
|a Smetana, K. Jr.
|4 aut
|9 835982
|
| 700 |
1 |
|
|a Plzáková, Z.
|4 aut
|9 1143535
|
| 773 |
0 |
|
|t Česko-slovenská dermatologie : časopis dermatovenerologických společností
|g Roč. 81, č. 1 (2006), s. 12-19
|
| 954 |
|
|
|a odborná, vedecká literatúra cudzojazyčná (svetová)
|2 lita
|
| 958 |
|
|
|a OND
|
| 958 |
|
|
|a EUIPO
|
| 958 |
|
|
|a article14
|
| 999 |
|
|
|c 1934246
|d 1936176
|